Science Quiz

Random Science or Animal Quiz

Rodents or Reptiles? Quiz Stats

 Plays Quiz not verified by Sporcle

Challenge
Share
Tweet
Embed
Score 0/15 Timer 02:00
0 Plays Today
% Correct
Beaver
96.1%
Guinea-pig
95.7%
Hamster
94.9%
Gerbil
94.3%
Chinchilla
93.9%
Squirrel
93.3%
Rat
92.6%
Gopher
89.3%
% Correct
Capybara
88.5%
Muskrat
87.2%
Marmot
87%
Woodchuck
86.7%
Lemming
83.5%
Agouti
57.7%
Cavy
50.8%

You're not logged in!

Compare scores with friends on all Sporcle quizzes.
OR
Log In

You Might Also Like...

Show Comments

Extras

Top Quizzes Today


Score Distribution

Your Account Isn't Verified!

In order to create a playlist on Sporcle, you need to verify the email address you used during registration. Go to your Sporcle Settings to finish the process.

Report this User

Report this user for behavior that violates our Community Guidelines.

Details: